00877nam a2200253 i 4500003000900000005001700009007000300026008004100029020001600070040003000086082001900116100005700135245005000192264005700242300002800299336002700327337003300354338002800387590002600415910001500441942001400456952013600470999001700606DO-SdBNP20250211072048.0ta240827b1979 sp b|||| |||| 00| 0 spa d a84013702211 aDO-SdBNPbspacBNPHUerda 4222axxxbL191m aLajusticia Bergasa, Ana María,eautor4aut.98695813aEl magnesio /cAna María Lajusticia Bergasa 1aBarcelona, España :bEditora Plaza & Janes,c1979. a222 páginas ;c20 cm. atextobtxt2rdacontent asin mediaciónbn2rdamedia avolumenbnc2rdacarrier aInventariado, 2024/BT aBtavárez 2ddccLBS1 00102ddc51708GRaBNPHUbBNPHUcCTd2025-02-11eDonado por CERTVl0oBNPHU GR xxx L191mp2025-0897r2025-02-11w2025-02-11yLBS1 c57560d57560